000 01064nam a2200265 a 4500
001 000016319
005 20240229073943.0
008 100303s1988 dr ac 001 p spa d
040 _aDO-SdBNP
_bspa
_cBNPHU
082 _aRD868.02
_bC531e
100 1 _aChez Checo, José,
_d1949-
_910145
245 1 0 _aEpigramas sobre el Ron Brugal (1906-1911) :
_bpara la historia de la publicidad y de la vida cotidiana en la República Dominicana /
_cJosé Chez Checo.
260 _aSanto Domingo :
_bCentenario de Brugal,
_c1988.
_fAmigo del Hogar
300 _a670 p. :
_bil., retrs. ;
_c24 cm.
500 _aIncluye datos biográficos del autor en la contracubierta.
504 _aIncluye bibliografía y notas al pie de páginas.
504 _aBibliografía: p. 645-647.
650 4 _aEpigramas dominicanos
_936418
650 4 _aPublicidad sobre bebidas alcohólicas
_936419
650 4 _aBebidas alcohólicas
_922080
650 4 _aRon
_zRepública Dominicana
_936420
650 0 _aPoesía dominicana
_966
910 _aValidado. Control de calidad EMS
049 _aBNPD
999 _c15854
_d15854